Acuerdo final para la terminación del conflicto & la construcción de una paz estable y duradera / Mención de responsabilidad, etc. Mesa de Conversaciones ; coordinador editorial Oficina del Alto Comisionado para la Paz (Registro nro. 36966)

Detalles MARC
000 -CABECERA
Longitud fija campo de control 00987nam a22002057a 4500
003 - • IDENTIFICADOR DELl NÚMERO DE CONTROL
Identificador del número de control CO-ViMGA
020 ## - • NÚMERO INTERNACIONAL NORMALIZADO PARA LIBROS
Número Internacional Normalizado para Libros (ISBN) 97895818044443
040 ## - FUENTE DE LA CATALOGACIÓN
Centro catalogador de origen CO-ViMGA
Lengua de catalogación spa
Centro transcriptor CO-ViMGA
082 04 - • NÚMERO DE LA CLASIFICACIÓN DECIMAL DEWEY
Número de clasificación (R) 303.6609861 O23a
100 1# - • PUNTO DE ACCESO PRINCIPAL-NOMBRE DE PERSONA
Nombre de persona Mesa de conversaciones
245 10 - • TITULO PROPIAMENTE DICHO
Título Acuerdo final para la terminación del conflicto & la construcción de una paz estable y duradera / Mención de responsabilidad, etc. Mesa de Conversaciones ; coordinador editorial Oficina del Alto Comisionado para la Paz
250 ## - • MENCIÓN DE EDICIÓN
Mención de edición abril de 2017
300 ## - • DESCRIPCIÓN FÍSICA
Extensión 310 páginas : Otras características físicas ilustraciones, fotografías en blanco y negro ; Dimensiones 22 cm
650 14 - • PUNTO DE ACCESO ADICIONAL DE MATERIA - TÉRMINO DE MATERIA
Término de materia o nombre geográfico como elemento inicial Acuerdos De Paz - Colombia
650 14 - • PUNTO DE ACCESO ADICIONAL DE MATERIA - TÉRMINO DE MATERIA
Término de materia o nombre geográfico como elemento inicial Construccion De Paz - Colombia
650 14 - • PUNTO DE ACCESO ADICIONAL DE MATERIA - TÉRMINO DE MATERIA
Término de materia o nombre geográfico como elemento inicial Participacion Politica - Colombia
650 14 - • PUNTO DE ACCESO ADICIONAL DE MATERIA - TÉRMINO DE MATERIA
Término de materia o nombre geográfico como elemento inicial Reforma Agraria - Colombia
942 ## - ENTRADA DE ELEMENTOS AGREGADOS (KOHA)
Fuente de clasificaión o esquema Dewey Decimal Classification
Koha [por defecto] tipo de item LIbro
Existencias
Perdido Fuente de clasificación o esquema Estado Físico No para préstamo Forma de adquisición Localización permanente Localización actual Fecha adquisición Coste, precio normal de compra Préstamos totales Signatura completa Código de barras Fecha última consulta Fecha del precio de reemplazo Tipo de item de Koha Localización en estanterías Número de copia
  Dewey Decimal Classification     Colección General Biblioteca Pública Puerto Lleras Biblioteca Pública Puerto Lleras 10/15/2024     303.6609861 O23a PLL01903 10/15/2024 10/15/2024 LIbro General Ej.1
  Dewey Decimal Classification     Colección General Biblioteca Pública Puerto López - Jorge Eliecer Gaitán Biblioteca Pública Puerto López - Jorge Eliecer Gaitán 04/16/2025     303.6609861 O23a PLZ00130 04/16/2025 04/16/2025 LIbro General ACUERDO FINAL
  Dewey Decimal Classification     Colección General Biblioteca Pública Acacias - Carlos María Hernández Rojas Biblioteca Pública Acacias - Carlos María Hernández Rojas 03/03/2025     303.6609861 O23a ACA02257 03/03/2025 03/03/2025 LIbro General Ej.1
  Dewey Decimal Classification     Sala General Segundo Piso Biblioteca Pública Germán Arciniegas - Villavicencio Biblioteca Pública Germán Arciniegas - Villavicencio 09/01/2019 15000.00   303,6609861 O23a 361252 02/28/2018 02/28/2018 LIbro    
  Dewey Decimal Classification     Colección General Biblioteca Pública Uribe - Reinerio Arenas Biblioteca Pública Uribe - Reinerio Arenas 07/10/2024     303.6609861 O23a URI00201 07/10/2024 07/10/2024 LIbro General Ej.1
  Dewey Decimal Classification     Colección General Biblioteca Pública Uribe - Reinerio Arenas Biblioteca Pública Uribe - Reinerio Arenas 07/11/2024     303.6609861 O23a Ej. 2 URI002016 07/11/2024 07/11/2024 LIbro General Ej.2









Instituto Departamental de Cultura del Meta - Red Departamental de Bibliotecas Públicas del Meta.